| 000 | 00394cam a2200157ua 4500 | ||
|---|---|---|---|
| 003 | OSt | ||
| 008 | 241111b |||||||| |||| 00| 0 eng d | ||
| 041 | _aeng | ||
| 082 |
_a631.587 _bPRI/FU |
||
| 100 |
_aPriyani, V.B . _91801 |
||
| 245 | _aFundamental principles of Irrigation Engineering / | ||
| 250 | _a5 / | ||
| 260 |
_a : _bCharotar book stall , _c1962. |
||
| 300 | _a474 ; . | ||
| 942 | _cBK | ||
| 999 |
_c1360 _d1360 |
||